The rising revival : (Record no. 4269)
[ view plain ]
| 000 -LEADER | |
|---|---|
| fixed length control field | 01746cam a2200313 a 4500 |
| 001 - CONTROL NUMBER | |
| control field | 38286543 |
| 003 - CONTROL NUMBER IDENTIFIER | |
| control field | OCoLC |
| 005 - DATE AND TIME OF LATEST TRANSACTION | |
| control field | 20181204123334.0 |
| 008 - FIXED-LENGTH DATA ELEMENTS--GENERAL INFORMATION | |
| fixed length control field | 980122s1998 cau b 001 0 eng |
| 010 ## - LIBRARY OF CONGRESS CONTROL NUMBER | |
| LC control number | 98009565 |
| 020 ## - INTERNATIONAL STANDARD BOOK NUMBER | |
| International Standard Book Number | 0830721398 |
| 020 ## - INTERNATIONAL STANDARD BOOK NUMBER | |
| International Standard Book Number | 9780830721399 |
| 035 ## - SYSTEM CONTROL NUMBER | |
| System control number | (OCoLC)38286543 |
| Canceled/invalid control number | (OCoLC)123069968 |
| 040 ## - CATALOGING SOURCE | |
| Original cataloging agency | DLC |
| Transcribing agency | DLC |
| Modifying agency | BTCTA |
| -- | BAKER |
| -- | HNW |
| -- | OCLCG |
| 043 ## - GEOGRAPHIC AREA CODE | |
| Geographic area code | s-ag--- |
| 050 00 - LIBRARY OF CONGRESS CALL NUMBER | |
| Classification number | BV3777.A7 |
| Item number | R57 1998 |
| 082 00 - DEWEY DECIMAL CLASSIFICATION NUMBER | |
| Classification number | 269.09 |
| Edition number | 21 |
| Item number | W132R |
| 092 ## - LOCALLY ASSIGNED DEWEY CALL NUMBER (OCLC) | |
| Classification number | 269.0982 |
| Item number | R5955 |
| 245 04 - TITLE STATEMENT | |
| Title | The rising revival : |
| Remainder of title | firsthand accounts of the incredible Argentine revival--and how it can spread throughout the world / |
| Statement of responsibility, etc. | edited by C. Peter Wagner and Pablo Deiros. |
| 260 ## - PUBLICATION, DISTRIBUTION, ETC. | |
| Place of publication, distribution, etc. | Ventura, Calif., U.S.A. : |
| Name of publisher, distributor, etc. | Renew, |
| Date of publication, distribution, etc. | c1998. |
| 300 ## - PHYSICAL DESCRIPTION | |
| Extent | 228 p. ; |
| Dimensions | 23 cm. |
| 504 ## - BIBLIOGRAPHY, ETC. NOTE | |
| Bibliography, etc. note | Includes bibliographical references and index. |
| 505 0# - FORMATTED CONTENTS NOTE | |
| Formatted contents note | Revival power : God has set his people "a-praying" / C. Peter Wagner -- The roots and the fruits of the Argentine revival / Pablo A. Deiros -- Power evangelism, Argentine style / Carlos Annacondia -- Dealing with demons in revival evangelism / Pablo Bottari -- Vision of the future / Omar Cabrera -- The Holy Spirit, the anointing and revival power / Claudio Freidzon -- Confronting the powers in Adrogue / Eduardo Lorenzo -- Engaging the enemy in resistencia / Jane Rumph -- Intercession and miracles in the church / Guillermo Prein -- God's kingdom in Olmos Prison / Juan Zuccarelli -- Unity as a sign of revival / Carlos Mraida -- Unleashing the headwaters of revival / Ed Silvoso. |
| 650 #0 - SUBJECT ADDED ENTRY--TOPICAL TERM | |
| Topical term or geographic name entry element | Revivals |
| Geographic subdivision | Argentina |
| General subdivision | History |
| Chronological subdivision | 20th century. |
| 651 #0 - SUBJECT ADDED ENTRY--GEOGRAPHIC NAME | |
| Geographic name | Argentina |
| General subdivision | Church history |
| Chronological subdivision | 20th century. |
| 700 1# - ADDED ENTRY--PERSONAL NAME | |
| Personal name | Wagner, C. Peter. |
| 700 1# - ADDED ENTRY--PERSONAL NAME | |
| Personal name | Deiros, Pablo Alberto, |
| Dates associated with a name | 1945- |
| 942 ## - ADDED ENTRY ELEMENTS (KOHA) | |
| Source of classification or shelving scheme | Dewey Decimal Classification |
| Koha item type | Books |
| Withdrawn status | Lost status | Source of classification or shelving scheme | Damaged status | Not for loan | Collection code | Home library | Current library | Shelving location | Date acquired | Cost, normal purchase price | Total Checkouts | Full call number | Barcode | Date last seen | Price effective from | Koha item type |
|---|---|---|---|---|---|---|---|---|---|---|---|---|---|---|---|---|
| Dewey Decimal Classification | Non-fiction | Harvest Mission College | Harvest Mission College | General Stacks | 04.12.2018 | 640.00 | 269.09 W132R | 004861 | 04.12.2018 | 04.12.2018 | Books |
